Vị trí, vai trò của tổ chức tư vấn, phối hợp liên ngành trong cơ chế chỉ đạo, điều hành của thủ tướng chính phủ /

محفوظ في:
التفاصيل البيبلوغرافية
المؤلف الرئيسي: Nguyễn Phước Thọ
التنسيق: مقال
اللغة:Vietnamese
الموضوعات:
الوسوم: إضافة وسم
لا توجد وسوم, كن أول من يضع وسما على هذه التسجيلة!
Thư viện lưu trữ: Thư viện Trường Đại học Đà Lạt
LEADER 00870nam a2200277 4500
001 DLU040026962
040 # # |a DLU  |b vie 
041 # # |a vie 
044 # # |a vn 
100 # # |a Nguyễn Phước Thọ 
245 # # |a Vị trí, vai trò của tổ chức tư vấn, phối hợp liên ngành trong cơ chế chỉ đạo, điều hành của thủ tướng chính phủ /  |c Nguyễn Phước Thọ 
653 # # |a Tổ chức nhà nước 
653 # # |a Tư vấn 
773 # # |a Nhà nước và Pháp luật  |g Số 5(181) - 2003, tr. 3 - 14 
920 # # |a Phòng Tạp chí -- Trung tâm Thông tin - Thư viện Trường Đại học Đà Lạt 
933 # # |a LH 
933 # # |a ML 
933 # # |a QT 
994 # # |a DLU 
900 # # |a True 
911 # # |a Nguyễn Năng Hải 
925 # # |a G 
926 # # |a A 
927 # # |a BB 
980 # # |a Thư viện Trường Đại học Đà Lạt